Hussain v Bradford MCC (Record no. 70418)

MARC details
000 -LEADER
fixed length control field 01584cam a2200229 4500
001 - CONTROL NUMBER
control field ABS65494
008 - FIXED-LENGTH DATA ELEMENTS--GENERAL INFORMATION
fixed length control field 020606n2002 000 0 eng u
035 ## - SYSTEM CONTROL NUMBER
System control number (Sirsi) u118284
245 ## - TITLE STATEMENT
Title Hussain v Bradford MCC
260 ## - PUBLICATION, DISTRIBUTION, ETC.
Date of publication, distribution, etc. 2002
490 ## - SERIES STATEMENT
Series statement Rating and Valuation Reporter
Volume/sequential designation [2002] RVR 140-142 (3)
520 ## - SUMMARY, ETC.
Summary, etc. LT 23 October 2001. Costs hearing on a reference to determine the compensation payable for the compulsory acquisition of the subject property following LT 9 August 2001 determination .Claimant's (H) former solicitors' valued property at £52 000. Respondent (B) had lodged a valuation of £31 750 but increased it to £42 000 at the trial. H denied knowledge of original figure put forward on his behalf and sought a valuation of £276 000. LT valued property at £47 500. "Held" although H's conduct had been unreasonable and his claim unrealistic, B was liable to pay H's costs following the general rule as a result of B's upward valuation during the trial and its failure to make an offer to settle. Copy of 9 August 2001 determination minus the costs ruling available on http://www.courtservice.gov.uk/tribunals/lands_frm.htm
590 ## - LOCAL NOTE (RLIN)
Local note ABS
650 ## - SUBJECT ADDED ENTRY--TOPICAL TERM
Topical term or geographic name entry element HUSSAIN V BRADFORD MDC
650 ## - SUBJECT ADDED ENTRY--TOPICAL TERM
Topical term or geographic name entry element Compulsory purchase
9 (RLIN) 6228
650 ## - SUBJECT ADDED ENTRY--TOPICAL TERM
Topical term or geographic name entry element COMPENSATION
650 ## - SUBJECT ADDED ENTRY--TOPICAL TERM
Topical term or geographic name entry element LANDS TRIBUNAL
650 ## - SUBJECT ADDED ENTRY--TOPICAL TERM
Topical term or geographic name entry element EMSLIE AND SIMPSON LTD V ABERDEEN DC (NO 2)
650 ## - SUBJECT ADDED ENTRY--TOPICAL TERM
Topical term or geographic name entry element LESQUENDE LTD V PLANNING AND ENVIRONMENT COMMITTEE OF THE STATES OF JERSEY
690 ## - LOCAL SUBJECT ADDED ENTRY--TOPICAL TERM (OCLC, RLIN)
Topical term or geographic name as entry element ENVIRONMENTAL AND LAND CONSULTANCY-PLANNING AND DEVELOPMENT-COMPULSORY PURCHASE AND COMPENSATION
942 ## - ADDED ENTRY ELEMENTS (KOHA)
Suppress in OPAC 0
Holdings
Withdrawn status Lost status Source of classification or shelving scheme Damaged status Not for loan Home library Current library Shelving location Date acquired Total Checkouts Full call number Barcode Date last seen Copy number Price effective from Koha item type
    Dewey Decimal Classification     London London Journal article 06/06/2002   ABS65494 118284-1001 06/08/2019 1 06/08/2019 Law report